Kształty państw do góry nogami #5 - Statystyki

Ogólne statystyki
  • Ten quiz został rozwiązany 117 razy
  • Średni wynik to 10 z 14
Statystyki odpowiedzi
Obrazkowy Odpowiedź % Poprawnych
Czechy
99%
Meksyk
87%
Nowa Zelandia
87%
Finlandia
82%
Nepal
78%
Mjanma
77%
Jordania
73%
Serbia
71%
Gabon
67%
Tanzania
65%
Gwinea Bissau
47%
Brunei
46%
Ekwador
45%
Wyspy Świętego Tomasza i Książęca
31%
Nie znaleziono quizów pasujących do podanych kryteriów
Rozkład punktacji
Procent ludzi z każdym wynikiem
Percentyl według liczby udzielonych odpowiedzi
Twoja historia wyników
Nie rozwiązałeś tego quizu